<?xml version="1.0" encoding="UTF-8"?>
<record
    xmlns:xsi="http://www.w3.org/2001/XMLSchema-instance"
    xsi:schemaLocation="http://www.loc.gov/MARC21/slim http://www.loc.gov/standards/marcxml/schema/MARC21slim.xsd"
    xmlns="http://www.loc.gov/MARC21/slim">

  <leader>00473    a2200145   4500</leader>
  <datafield tag="020" ind1=" " ind2=" ">
    <subfield code="a">8120716574 (paperback)</subfield>
  </datafield>
  <datafield tag="020" ind1=" " ind2=" ">
    <subfield code="a">9788120716575 (paperback)</subfield>
  </datafield>
  <datafield tag="090" ind1=" " ind2=" ">
    <subfield code="c">4549</subfield>
    <subfield code="d">4549</subfield>
  </datafield>
  <datafield tag="100" ind1="1" ind2=" ">
    <subfield code="a">Balan, K. R.</subfield>
  </datafield>
  <datafield tag="245" ind1="1" ind2="0">
    <subfield code="a">Dictionary of management /</subfield>
    <subfield code="c">K. R. Balan.</subfield>
  </datafield>
  <datafield tag="260" ind1=" " ind2=" ">
    <subfield code="a">[S.l.] :</subfield>
    <subfield code="b">South Asia Books,</subfield>
    <subfield code="c">1995.</subfield>
  </datafield>
  <datafield tag="300" ind1=" " ind2=" ">
    <subfield code="a">1 v. (unpaged) ;</subfield>
    <subfield code="c">23 cm.</subfield>
  </datafield>
  <datafield tag="856" ind1="4" ind2="0">
    <subfield code="3">Amazon.com</subfield>
    <subfield code="u">http://www.amazon.com/exec/obidos/ASIN/8120716574/chopaconline-20</subfield>
  </datafield>
  <datafield tag="942" ind1=" " ind2=" ">
    <subfield code="a">NBS</subfield>
    <subfield code="c">BK</subfield>
    <subfield code="k">658.03 BAL</subfield>
  </datafield>
  <datafield tag="999" ind1=" " ind2=" ">
    <subfield code="c">346991</subfield>
    <subfield code="d">346991</subfield>
  </datafield>
  <datafield tag="952" ind1=" " ind2=" ">
    <subfield code="0">0</subfield>
    <subfield code="1">0</subfield>
    <subfield code="4">0</subfield>
    <subfield code="7">0</subfield>
    <subfield code="a">CL</subfield>
    <subfield code="b">CL</subfield>
    <subfield code="d">2013-08-28</subfield>
    <subfield code="l">0</subfield>
    <subfield code="o">658.03 BAL</subfield>
    <subfield code="p">NBS1961</subfield>
    <subfield code="r">2013-08-28</subfield>
    <subfield code="w">2013-08-28</subfield>
    <subfield code="y">BK</subfield>
  </datafield>
  <datafield tag="952" ind1=" " ind2=" ">
    <subfield code="0">0</subfield>
    <subfield code="1">0</subfield>
    <subfield code="4">0</subfield>
    <subfield code="7">0</subfield>
    <subfield code="a">CL</subfield>
    <subfield code="b">CL</subfield>
    <subfield code="d">2013-08-28</subfield>
    <subfield code="l">0</subfield>
    <subfield code="o">658.03 BAL</subfield>
    <subfield code="p">NBS1963</subfield>
    <subfield code="r">2013-08-28</subfield>
    <subfield code="w">2013-08-28</subfield>
    <subfield code="y">BK</subfield>
  </datafield>
</record>
